000 00690nam a2200253Ia 4500
003 OSt
005 20220918163534.0
006 a|||||r|||| 00| 0
007 ta
008 220917b |||||||| |||| 00| 0 eng d
020 _a0091214408
024 _a44,441
037 _cTextual
040 _aARTS
_cARTS
_beng
041 _2eng
_aeng
082 _aO5932,3N33,1, 111L5
100 _aKonard George
_913601
245 0 _aCase worker tr from Hungarian by Paul Aston
260 _aLondon
_bHutchinson UK
_c1975
300 _a172p.
_ccm.
650 _aENGLISH LITERATURE
942 _hO5932,3N33,1, 111L5
_cTEXL
_2CC
999 _c119967
_d119967